The zhukov briefing / (Record no. 130930)

MARC details
000 -LEADER
fixed length control field 00550nam a22002297a 4500
005 - DATE AND TIME OF LATEST TRANSACTION
control field 20170124110120.0
010 ## - LIBRARY OF CONGRESS CONTROL NUMBER
LC control number 801461
020 ## - INTERNATIONAL STANDARD BOOK NUMBER
Terms of availability 00.00
International Standard Book Number 00022198008
035 ## - SYSTEM CONTROL NUMBER
System control number 801461
037 ## - SOURCE OF ACQUISITION
Source of stock number/acquisition Cen Lib/Ret
040 ## - CATALOGING SOURCE
Original cataloging agency DPL
Language of cataloging EN
082 ## - DEWEY DECIMAL CLASSIFICATION NUMBER
Classification number S
Item number TRE
100 ## - MAIN ENTRY--PERSONAL NAME
Personal name Trew, Antomy
9 (RLIN) 30436
245 ## - TITLE STATEMENT
Title The zhukov briefing /
Statement of responsibility, etc by Antony Trew
260 ## - PUBLICATION, DISTRIBUTION, ETC. (IMPRINT)
Place of publication, distribution, etc London
Name of publisher, distributor, etc Collins
Date of publication, distribution, etc 1975
270 ## - ADDRESS
City London
300 ## - PHYSICAL DESCRIPTION
Extent 252p.
Dimensions 19cm(Hb)
650 ## - SUBJECT ADDED ENTRY--TOPICAL TERM
Topical term or geographic name as entry element Literature
9 (RLIN) 6262
650 ## - SUBJECT ADDED ENTRY--TOPICAL TERM
Topical term or geographic name as entry element Novel
9 (RLIN) 22513
700 ## - ADDED ENTRY--PERSONAL NAME
9 (RLIN) 25306
942 ## - ADDED ENTRY ELEMENTS (KOHA)
Source of classification or shelving scheme Dewey Decimal Classification
Koha item type English Books
Classification part N
Call number suffix TRE
Holdings
Withdrawn status Lost status Damaged status Not for loan Home library Current library Date acquired Source of acquisition Cost, normal purchase price Total Checkouts Full call number Barcode Date last seen Copy number Cost, replacement price Price effective from Koha item type Public note
Written off       Central Library Central Library 11/07/2015 Cen Lib/Ret 0.00   S TRE 801461 11/07/2015 1 0.00 11/07/2015 English Books Written off on approval by DLB (By Circulation); dtd 15-06-2023

© Delhi Public Library
Hit Counter
free hit counter